[Event "Berlin op 10"]
[Site "Berlin"]
[Date "2003.11.03"]
[Round "4"]
[White "Domke, Ari"]
[Black "Berg, Gerd"]
[Result "0-1"]
[WhiteElo "1342"]
[BlackElo "1424"]
[PlyCount "52"]
[EventDate "2003.10.13"]
[EventType "swiss"]
[EventRounds "7"]
[EventCountry "GER"]
[SourceTitle "EXT 2007"]
[Source "ChessBase"]
[SourceDate "2006.11.23"]
[SourceVersion "1"]
[SourceVersionDate "2006.11.23"]
[SourceQuality "1"]

1. d4 Nf6 2. Bg5 e6 3. e4 Be7 4. Nc3 h6 5. Bf4 a6 6. Bd3 d6 7. Bg3 Nc6 8. f4 Nxd4 9. Nf3 Nxf3+ 10. Qxf3 0-0 11. 0-0-0 e5 12. h3 Nd7 13. fxe5 dxe5 14. Bc4 Bd6 15. Rhf1 Qf6 16. Qe2 Qg5+ 17. Kb1 Qxg3 18. Rxf7 Rxf7 19. Qh5 g6 20. Qxh6 Nf8 21. Bxf7+ Kxf7 22. Rf1+ Ke8 23. Nd5 Kd7 24. Rf7+ Kc6 25. Qd2 Be6 26. Qc3+ Qxc3 0-1

[Event "Berlin op 10"]
[Site "Berlin"]
[Date "2003.10.20"]
[Round "2"]
[White "Domke, Ari"]
[Black "Kleemeyer, Olaf"]
[Result "0-1"]
[WhiteElo "1342"]
[BlackElo "1559"]
[PlyCount "80"]
[EventDate "2003.10.13"]
[EventType "swiss"]
[EventRounds "7"]
[EventCountry "GER"]
[SourceTitle "EXT 2007"]
[Source "ChessBase"]
[SourceDate "2006.11.23"]
[SourceVersion "1"]
[SourceVersionDate "2006.11.23"]
[SourceQuality "1"]

1. d4 Nf6 2. c4 g6 3. Nc3 d5 4. e3 Bg7 5. Be2 0-0 6. Nf3 e6 7. Qc2 Nbd7 8. 0-0 c5 9. b3 cxd4 10. exd4 dxc4 11. bxc4 Nb6 12. Be3 Bd7 13. Rab1 Qc7 14. Rfc1 Bc6 15. Ne5 Rfd8 16. Qd2 Ne4 17. Qc2 Nxc3 18. Qxc3 Be4 19. Rb3 f6 20. Nf3 Rac8 21. Nd2 Bc6 22. Rbb1 Qe7 23. Qb4 Qxb4 24. Rxb4 f5 25. Nb3 Bf8 26. c5 Nd5 27. Rbc4 Bb5 28. R4c2 Bxe2 29. Rxe2 Nxe3 30. fxe3 Bg7 31. g3 e5 32. Rd1 Rd5 33. Red2 Bh6 34. Kf2 f4 35. gxf4 exf4 36. e4 Rh5 37. Kf1 g5 38. Kg2 g4 39. Kg1 f3 40. Rc2 Be3+ 0-1

[Event "Berlin Eckbauer op 5th"]
[Site "Berlin"]
[Date "2002.10.07"]
[Round "1"]
[White "Domke, Ari"]
[Black "Fleischmann, Klaus"]
[Result "1-0"]
[WhiteElo "1286"]
[BlackElo "1872"]
[PlyCount "91"]
[EventDate "2002.10.??"]
[EventType "swiss"]
[EventRounds "7"]
[EventCountry "GER"]
[SourceTitle "EXT 2005"]
[Source "ChessBase"]
[SourceDate "2004.11.15"]
[SourceVersion "1"]
[SourceVersionDate "2004.11.15"]
[SourceQuality "1"]

1. d4 e6 2. c4 Bb4+ 3. Bd2 a5 4. Nc3 f5 5. Nf3 Nf6 6. e3 0-0 7. Be2 d6 8. 0-0 Nc6 9. a3 Bxc3 10. Bxc3 Ne4 11. Qc2 Nxc3 12. Qxc3 Qf6 13. Rac1 Bd7 14. Bd3 e5 15. dxe5 dxe5 16. e4 f4 17. Rfd1 Bg4 18. Be2 Bxf3 19. Bxf3 Nd4 20. Rd2 c5 21. Rcd1 a4 22. Rd3 g5 23. R1d2 Qg6 24. Bg4 Qxe4 25. h3 Qg6 26. Bd1 Rfd8 27. f3 Ra6 28. Kf2 e4 29. fxe4 Qxe4 30. Bf3 Qe5 31. Re2 Qg7 32. Bd5+ Kf8 33. Re4 Rb6 34. Qc1 Nf5 35. Rd2 Ng3 36. Re1 h5 37. Qc2 g4 38. h4 Rdd6 39. Kg1 Rb3 40. Rf2 Rf6 41. Qd2 f3 42. Qa5 Qd7 43. Qa8+ Kg7 44. Qg8+ Kh6 45. Qg5+ Kh7 46. Qxf6 1-0